000 00864nam a2200313Ia 4500
003 OSt
005 20220912145822.0
006 a|||||r|||| 00| 0
007 ta
008 220909b |||||||| |||| 00| 0 eng d
020 _a0333931190 (pbk)
024 _a83528
037 _b354, 06/03/2009, Dhanraj Book House
037 _cTextbook
040 _aCSL
_beng
_cCSL
041 _aeng
082 _aE:2, N1;N9.2
100 _aKapoor K L
245 0 _aTextbook of physical chemistry
250 _a3
260 _aChennai
_bMacmillan
_c1999
300 _ap.
_ccm.
500 _aAppendix I-III, 449-460p.; Index 461-464p.
650 _a Physical chemistry
650 _aChemistry
942 _hE:2, N1;N9.2
_cTB
_2CC
999 _c38999
_d38999